Matrix functions and some of their applications in stochastic processes with support of the wxMaxima open source programe

Uložené v:
Podrobná bibliografia
Hlavný autor: Fecenko, Jozef
Médium: Kapitola
Jazyk:English
Tagy: Pridať tag
Žiadne tagy, Buďte prvý, kto otaguje tento záznam!

MARC

LEADER 00000naa$a2200000$$$4500
001 0237393
005 20240502073832.1
041 0 |a eng 
044 |a SK 
245 1 0 |a Matrix functions and some of their applications in stochastic processes with support of the wxMaxima open source programe  |c Jozef Fecenko 
500 |a Abstrakt 
100 1 |a Fecenko, Jozef